| 000 | 01399nam a2200229Ia 4500 | ||
|---|---|---|---|
| 003 | Ost | ||
| 005 | 20260507075024.0 | ||
| 008 | 260507s9999||||xx |||||||||||||| ||und|| | ||
| 040 | _cfsecg | ||
| 041 | _aara | ||
| 082 | _a330 | ||
| 100 |
_aدنيبات، محمد جمال _eمؤلف |
||
| 245 | 0 |
_aالمالية العامة والتشريع المالي / _c محمد جمال دنيبات |
|
| 260 |
_aعمان: _bدار العلمية الدولية, _c2003 |
||
| 300 |
_a304 صفحة؛ _bإيضاحات ؛ _c24 سم |
||
| 490 |
_aالمكتبة القانونية _v465 |
||
| 520 | _aأساسيات في المالية العامة- الأسس العامة للنشاط المالي في الدولة- التعريف بالمالية العامة ودورها في أداء الخدمات العامة- الظاهرة المالية محور علم المالية العامة- تطور مفهوم المالية العام- طبيعة النفقات العامة وحجمها وحدودها- ظاهرة زيادة النفقات العامة- الإيرادات الرئيسية للموازنة العامة والضرائب والقروض- الضرائب- عقد القرض العام -الموازنة العامة- تعريفها وقواعدها ودورها | ||
| 653 | _aالضرائب | ||
| 653 | _aالعقود | ||
| 653 | _aالمالية العامة | ||
| 942 | _cكتاب | ||
| 999 |
_c42316 _d42316 |
||